[Event "HUN-ch U18"]
[Site "Budapest"]
[Date "2020.10.27"]
[Round "5"]
[White "Vodila, Martin Botond"]
[Black "Pribelszky, Bence"]
[Result "0-1"]
[WhiteElo "2224"]
[BlackElo "2286"]
[PlyCount "110"]
[EventDate "2020.10.24"]
[EventType "tourn"]
[EventRounds "9"]
[EventCountry "HUN"]
[SourceTitle "CBM 199 Extra"]
[Source "ChessBase"]
[SourceDate "2021.01.31"]
[SourceVersion "1"]
[SourceVersionDate "2021.01.31"]
[SourceQuality "1"]

1. e4 c5 2. Nf3 e6 3. d4 cxd4 4. Nxd4 a6 5. Nc3 Qc7 6. Bd3 Nf6 7. 0-0 Nc6 8. Nxc6 dxc6 9. Qe2 e5 10. Bg5 Nd7 11. Rad1 b5 12. a4 Bb4 13. axb5 axb5 14. Qh5 0-0 15. Ne2 f6 16. Bc1 g6 17. Qh4 Be7 18. Bh6 Rf7 19. c3 Nc5 20. Bb1 Be6 21. f4 Bc4 22. Rfe1 Rd8 23. Ng3 f5 24. Bg5 Rxd1 25. Rxd1 exf4 26. Qxf4 Qxf4 27. Bxf4 Nxe4 28. Nxe4 fxe4 29. Be3 Bd5 30. Re1 Rf6 31. Bc2 Re6 32. Ra1 Bf6 33. Ra8+ Kf7 34. Ra1 h5 35. g3 Re7 36. Bc5 Re8 37. Ra7+ Ke6 38. Be3 Re7 39. Ra1 Re8 40. Ra7 Kf5 41. Ra1 Bc4 42. Rd1 Rd8 43. Re1 Bd3 44. Bb3 Bg5 45. Be6+ Kf6 46. Bxg5+ Kxg5 47. Kf2 Rf8+ 48. Ke3 c5 49. b4 Rf3+ 50. Kd2 cxb4 51. cxb4 Rf2+ 52. Ke3 Rxh2 53. Bd5 Rg2 54. Bxe4 Bxe4 55. Kxe4 Rxg3 0-1

[Event "HUN-chT U18"]
[Site "Budapest"]
[Date "2019.10.26"]
[Round "1.1"]
[White "Vodila, Martin Botond"]
[Black "Bohus, Adam"]
[Result "0-1"]
[WhiteElo "2114"]
[BlackElo "2229"]
[PlyCount "50"]
[EventDate "2019.10.26"]
[EventType "team-swiss"]
[EventRounds "7"]
[EventCountry "HUN"]
[SourceTitle "CBM 192 Extra"]
[Source "Chessbase"]
[SourceDate "2019.11.06"]
[SourceVersion "1"]
[SourceVersionDate "2019.11.06"]
[SourceQuality "1"]
[WhiteTeam "Edeleny"]
[BlackTeam "Geniusz Tata"]
[WhiteTeamCountry "HUN"]
[BlackTeamCountry "HUN"]

1. e4 e5 2. Nc3 Nf6 3. Bc4 Nc6 4. Nf3 Nxe4 5. Nxe4 d5 6. Bd3 dxe4 7. Bxe4 Bd6 8. 0-0 0-0 9. Re1 Ne7 10. d4 f5 11. dxe5 Bb4 12. Bd3 Bxe1 13. Qxe1 Be6 14. Qb4 Nc6 15. Qxb7 Bd5 16. Qb5 Rb8 17. Qc5 Bxf3 18. gxf3 Nd4 19. f4 Nf3+ 20. Kh1 Kh8 21. Be2 Nd4 22. Bd3 Rb6 23. Be3 Qa8+ 24. Kg1 Rg6+ 25. Kf1 Qh1# 0-1

[Event "HUN-chT2 Barcza 1819"]
[Site "Hungary"]
[Date "2019.02.24"]
[Round "8.2"]
[White "Pal, Ferenc"]
[Black "Vodila, Martin Botond"]
[Result "0-1"]
[WhiteElo "1961"]
[BlackElo "2144"]
[PlyCount "86"]
[EventDate "2018.09.23"]
[EventType "team-tourn"]
[EventRounds "11"]
[EventCountry "HUN"]
[SourceTitle "CBM 189 Extra"]
[Source "ChessBase"]
[SourceDate "2019.06.03"]
[SourceVersion "1"]
[SourceVersionDate "2019.06.03"]
[SourceQuality "1"]
[WhiteTeam "Hajduszoboszlo"]
[BlackTeam "Edeleny"]
[WhiteTeamCountry "HUN"]
[BlackTeamCountry "HUN"]

1. e4 e6 2. d4 d5 3. exd5 exd5 4. Nf3 Bd6 5. Be2 Bf5 6. Nc3 Ne7 7. Nb5 Nbc6 8. Nxd6+ Qxd6 9. c3 0-0 10. 0-0 Rae8 11. Be3 Ng6 12. Qd2 Nb8 13. Bd3 Be4 14. Ne5 Nd7 15. Bxe4 dxe4 16. Nxd7 Qxd7 17. f3 Qd5 18. b3 Nh4 19. Bg5 Nf5 20. fxe4 Rxe4 21. Rae1 Rfe8 22. Rxe4 Rxe4 23. Re1 f6 24. Be3 Rg4 25. Re2 Nh4 26. Kh1 f5 27. c4 Qc6 28. d5 Qg6 29. Bxa7 f4 30. Qe1 h6 31. Re8+ Kh7 32. Qe4 Rxg2 33. Qxg6+ Kxg6 34. d6 cxd6 35. Re6+ Kf5 36. Rxd6 Rxa2 37. Bg1 Ra1 38. Rd2 Nf3 39. Rg2 Nxg1 40. Rxg1 Rxg1+ 41. Kxg1 Ke4 42. Kf2 Kd4 43. Kf3 g5 0-1

[Event "HUN-chT2 Barcza 1819"]
[Site "Hungary"]
[Date "2019.01.27"]
[Round "6.5"]
[White "Vodila, Martin Botond"]
[Black "Forgacs, Jozsef"]
[Result "1/2-1/2"]
[WhiteElo "2144"]
[BlackElo "2197"]
[PlyCount "81"]
[EventDate "2018.09.23"]
[EventType "team-tourn"]
[EventRounds "11"]
[EventCountry "HUN"]
[SourceTitle "CBM 189 Extra"]
[Source "ChessBase"]
[SourceDate "2019.06.03"]
[SourceVersion "1"]
[SourceVersionDate "2019.06.03"]
[SourceQuality "1"]
[WhiteTeam "Edeleny"]
[BlackTeam "Nyiregyhaza SISE"]
[WhiteTeamCountry "HUN"]
[BlackTeamCountry "HUN"]

1. e4 g6 2. d4 Bg7 3. c3 d6 4. Bd3 c6 5. f4 d5 6. Nd2 dxe4 7. Nxe4 Nh6 8. Nf3 Bg4 9. h3 Bxf3 10. Qxf3 Nf5 11. Bd2 Nd6 12. 0-0-0 Nxe4 13. Bxe4 Nd7 14. f5 Nf6 15. fxg6 hxg6 16. Rhf1 0-0 17. Bc2 Qd5 18. Bb3 Qxf3 19. Rxf3 b5 20. Bg5 Rae8 21. Re1 Nh7 22. Bxe7 Bf6 23. Rfe3 a5 24. Bxf8 Bg5 25. Kd2 Nxf8 26. Kd3 Bxe3 27. Rxe3 Rd8 28. Re7 Nd7 29. a3 c5 30. Bd5 cxd4 31. cxd4 Nc5+ 32. dxc5 Rxd5+ 33. Ke4 Rxc5 34. Re5 Rc2 35. Rxb5 Rxg2 36. Kf3 Rh2 37. Kg3 Rd2 38. Rxa5 Rxb2 39. Ra8+ Kg7 40. a4 Rb3+ 41. Kg2 1/2-1/2

[Event "HUN-chT U18"]
[Site "Hajduboszormeny"]
[Date "2016.11.05"]
[Round "7.37"]
[White "Vodila, Martin Botond"]
[Black "Ngo Tan, Don"]
[Result "1/2-1/2"]
[WhiteElo "2100"]
[BlackElo "2308"]
[PlyCount "81"]
[EventDate "2016.11.02"]
[EventType "team-swiss"]
[EventRounds "8"]
[EventCountry "HUN"]
[SourceTitle "CBM 175 Extra"]
[Source "ChessBase"]
[SourceDate "2016.12.12"]
[SourceVersion "1"]
[SourceVersionDate "2016.12.12"]
[SourceQuality "1"]

1. e4 c5 2. Nf3 g6 3. c3 Nf6 4. e5 Nd5 5. d4 cxd4 6. cxd4 d6 7. Nc3 Nxc3 8. bxc3 dxe5 9. Nxe5 Bg7 10. Bb5+ Bd7 11. Nxd7 Nxd7 12. Qa4 a6 13. Bxd7+ Qxd7 14. Qxd7+ Kxd7 15. Be3 Rhc8 16. Kd2 b5 17. a4 e5 18. axb5 axb5 19. Rxa8 Rxa8 20. Rb1 exd4 21. cxd4 Rb8 22. Kd3 Bf8 23. Bd2 Bd6 24. Ke4 Re8+ 25. Kd3 Rb8 26. Ke4 b4 27. Kd5 b3 28. Kc4 b2 29. Bc3 Ba3 30. Kd3 Kc6 31. Kc2 Kd5 32. Bxb2 Bxb2 33. Rxb2 Rxb2+ 34. Kxb2 Kxd4 35. Kc2 h5 36. Kd2 g5 37. Ke2 Ke4 38. h3 f5 39. Kf1 Kd3 40. Ke1 f4 41. f3 1/2-1/2

[Event "EU-ch U14 26th"]
[Site "Prague"]
[Date "2016.08.25"]
[Round "7"]
[White "Vodila, Martin Botond"]
[Black "Martinovici, Ilie"]
[Result "1/2-1/2"]
[WhiteElo "2047"]
[BlackElo "2170"]
[PlyCount "110"]
[EventDate "2016.08.18"]
[EventType "swiss"]
[EventRounds "9"]
[EventCountry "CZE"]
[SourceTitle "CBM 174 Extra"]
[Source "ChessBase"]
[SourceDate "2016.10.10"]
[SourceVersion "1"]
[SourceVersionDate "2016.10.10"]
[SourceQuality "1"]

1. e4 e5 2. Nc3 Nc6 3. Bc4 Nf6 4. Nf3 Nxe4 5. Nxe4 d5 6. Bd3 dxe4 7. Bxe4 Bd6 8. Qe2 0-0 9. 0-0 Re8 10. Re1 Bd7 11. d3 h6 12. h3 Qf6 13. c3 Rad8 14. Bd2 Bf5 15. Rad1 Bxe4 16. dxe4 Qe6 17. b3 Bc5 18. Be3 Bb6 19. Nh4 Ne7 20. Qf3 Qc6 21. c4 Bd4 22. g4 Qa6 23. a4 c5 24. Nf5 Qb6 25. Bc1 Rd7 26. h4 Red8 27. Kg2 Qe6 28. g5 hxg5 29. hxg5 Nxf5 30. exf5 Qc6 31. Re4 Bc3 32. Rh1 Rd4 33. Rhh4 Rxe4 34. Rxe4 Rd4 35. Rxd4 Qxf3+ 36. Kxf3 exd4 37. Ke4 Be1 38. f3 Kf8 39. Bf4 Ke7 40. Bb8 a6 41. Bf4 Bf2 42. Bd2 Bg3 43. Bc1 Kd6 44. Bd2 Kc6 45. Bc1 Bc7 46. Bd2 Bd8 47. Bf4 Be7 48. Bd2 b5 49. axb5+ axb5 50. f4 Bd6 51. g6 bxc4 52. bxc4 fxg6 53. fxg6 Be7 54. Be1 Bf6 55. Bd2 Bh4 1/2-1/2

[Event "HUN-chT2 Barcza 1516"]
[Site "Hungary"]
[Date "2016.02.14"]
[Round "7.5"]
[White "Vodila, Martin Botond"]
[Black "Magi, Tibor"]
[Result "1/2-1/2"]
[WhiteElo "1953"]
[BlackElo "1897"]
[PlyCount "84"]
[EventDate "2015.09.13"]
[EventType "team-tourn"]
[EventRounds "11"]
[EventCountry "HUN"]
[SourceTitle "EXT 2017"]
[Source "ChessBase"]
[SourceDate "2016.10.25"]
[SourceVersion "1"]
[SourceVersionDate "2016.10.25"]
[SourceQuality "1"]
[WhiteTeam "Edeleny"]
[BlackTeam "Nadudvar"]
[WhiteTeamCountry "HUN"]
[BlackTeamCountry "HUN"]

1. e4 Nc6 2. d4 e6 3. c3 d6 4. Bd3 Bd7 5. f4 Nce7 6. Nf3 Qc8 7. 0-0 g6 8. Qe2 Bg7 9. Be3 Nh6 10. Nbd2 0-0 11. Nb3 Ng4 12. Bd2 a5 13. h3 Nf6 14. e5 Nh5 15. Qf2 f5 16. Nc1 Nd5 17. g3 Bh6 18. c4 Nb4 19. a3 Nxd3 20. Nxd3 dxe5 21. Nfxe5 Nf6 22. Nc5 Be8 23. Qf3 b6 24. Nxe6 Qxe6 25. Qxa8 Ne4 26. Be1 Qd6 27. Qd5+ Qxd5 28. cxd5 Bf7 29. Rc1 Rc8 30. Nc6 Re8 31. Ne5 Re7 32. Nc6 Rd7 33. Ne5 Re7 34. Nxf7 Kxf7 35. Kg2 Rd7 36. Bf2 Bg7 37. Kf3 Nd2+ 38. Ke2 Nxf1 39. Kxf1 Ke7 40. Rc6 Kd8 41. d6 Rxd6 42. Rxd6+ cxd6 1/2-1/2

[Event "HUN-ch U14"]
[Site "Balatonlelle"]
[Date "2015.06.24"]
[Round "9"]
[White "Vodila, Martin Botond"]
[Black "Szabo, Marton Mihaly"]
[Result "1/2-1/2"]
[WhiteElo "1941"]
[BlackElo "1864"]
[PlyCount "39"]
[EventDate "2015.06.18"]
[EventType "swiss"]
[EventRounds "9"]
[EventCountry "HUN"]
[SourceTitle "CBM 167 Extra"]
[Source "ChessBase"]
[SourceDate "2015.09.14"]
[SourceVersion "1"]
[SourceVersionDate "2015.09.14"]
[SourceQuality "1"]

1. e4 c5 2. Nf3 a6 3. d4 cxd4 4. Nxd4 Nf6 5. Nc3 e5 6. Nde2 Bc5 7. Ng3 d6 8. Be2 0-0 9. 0-0 h6 10. Kh1 Nc6 11. Nd5 Nxd5 12. exd5 Nd4 13. c3 Nxe2 14. Qxe2 f5 15. b4 Ba7 16. Bb2 b5 17. a4 Bd7 18. axb5 axb5 19. Ra6 Bb6 20. Rfa1 1/2-1/2

[Event "HUN-ch U14"]
[Site "Balatonlelle"]
[Date "2015.06.23"]
[Round "8"]
[White "Vanczak, Tamas"]
[Black "Vodila, Martin Botond"]
[Result "1-0"]
[WhiteElo "2017"]
[BlackElo "1941"]
[PlyCount "39"]
[EventDate "2015.06.18"]
[EventType "swiss"]
[EventRounds "9"]
[EventCountry "HUN"]
[SourceTitle "CBM 167 Extra"]
[Source "ChessBase"]
[SourceDate "2015.09.14"]
[SourceVersion "1"]
[SourceVersionDate "2015.09.14"]
[SourceQuality "1"]

1. e4 d6 2. d4 Nf6 3. Nc3 g6 4. f4 Bg7 5. Nf3 0-0 6. e5 dxe5 7. fxe5 Nd5 8. Bd3 Bg4 9. h3 Bxf3 10. Qxf3 c6 11. Be4 e6 12. h4 Qb6 13. Ne2 f6 14. h5 f5 15. hxg6 hxg6 16. Bxd5 Qa5+ 17. c3 Qxd5 18. Qg3 Kf7 19. Nf4 Qe4+ 20. Kd1 1-0